000
00346 a2200169 4500
001
50627
020
_a
8500005173
040
_c
Anchieta - Bela Vista
100
_a
Cunha, Leo
240
1
0
_a
Cantigamente
_l
por
245
1
0
_a
Cantigamente
300
_a
29
362
0
_a
1998
440
1
_a
Ediouro
650
4
_a
Literatura juvenil
942
_c
BK
999
_c
50627
_d
50627